000 00809nam a2200253Ia 4500
008 191130s2008##################000#0#eng##
020 _a9780205491568
022 _a2007018807
040 _aACL
_cACL
082 _a306.850973 ZIN
100 _aZinn, Maxine Baca
245 _aDiversity in families
_cMaxine Baca Zinn, D. Stanley Eitzen, Barbara Wells
250 _a8th ed
260 _aBoston
_bPearson/Allyn and Bacon
_cc2008
300 _axviii, 574 p. : ill. ; 25 cm
500 _aIncludes bibliographical references (p. [525]-558) and indexes
650 _aFamilies - United States
650 _aUnited States - Social conditions - 1980-
700 _aEitzen, D. Stanley
700 _aWells, Barbara
990 _a8f626e98ac10000c5ebbf1597c90b7dd
991 _a201805
999 _c151864
_d151864